青森県の市町村 (2000年) - Statistics

General Stats
  • This quiz has been taken 90 times
    70 since last reset
  • The average score is 51 of 67
Answers on the Map
Answers color-coded by a green-red scale on the quiz's map according to % correct below.
 
Answer Stats
ヒント 市町村名 % Correct
青森市あおもりし
98%
下北郡 大間町おおままち
98%
弘前市ひろさきし
96%
八戸市はちのへし
96%
五所川原市ごしょがわらし
96%
西津軽郡 鰺ヶ沢町あじがさわまち
96%
西津軽郡 深浦町ふかうらまち
96%
上北郡 七戸町しちのへまち
96%
上北郡 横浜町よこはままち
96%
三戸郡 三戸町さんのへまち
96%
十和田市とわだし
94%
上北郡 野辺地町のへじまち
94%
上北郡 六ヶ所村ろっかしょむら
94%
三戸郡 五戸町ごのへまち
94%
むつ
92%
南津軽郡 田舎館村いなかだてむら
92%
黒石市くろいしし
91%
上北郡 六戸町ろくのへまち
91%
下北郡 風間浦村かざまうらむら
91%
三沢市みさわし
89%
東津軽郡 今別町いまべつまち
89%
中津軽郡 西目屋村にしめやむら
89%
南津軽郡 大鰐町おおわにまち
89%
下北郡 佐井村さいむら
89%
三戸郡 田子町たっこまち
89%
三戸郡 階上町はしかみちょう
89%
東津軽郡 平内町ひらないまち
87%
下北郡 東通村ひがしどおりむら
85%
東津軽郡 蓬田村よもぎたむら
83%
上北郡 東北町とうほくまち
83%
北津軽郡 板柳町いたやなぎまち
81%
南津軽郡 藤崎町ふじさきまち
79%
北津軽郡 中里町なかさとまち
79%
東津軽郡 蟹田町かにたまち
77%
東津軽郡 三厩村みんまやむら
77%
上北郡 十和田湖町とわだこまち
77%
三戸郡 南部町なんぶまち
77%
三戸郡 新郷村しんごうむら
77%
南津軽郡 碇ヶ関村いかりがせきむら
75%
北津軽郡 鶴田町つるたまち
75%
西津軽郡 木造町きづくりまち
74%
南津軽郡 浪岡町なみおかまち
74%
北津軽郡 小泊村こどまりむら
74%
上北郡 上北町かみきたまち
72%
西津軽郡 車力村しゃりきむら
68%
上北郡 天間林村てんまばやしむら
68%
中津軽郡 岩木町いわきまち
66%
北津軽郡 金木町かなぎまち
66%
下北郡 大畑町おおはたまち
66%
下北郡 脇野沢村わきのさわむら
64%
東津軽郡 平舘村たいらだてむら
62%
南津軽郡 平賀町ひらかまち
62%
西津軽郡 岩崎村いわさきむら
58%
上北郡 百石町ももいしまち
58%
上北郡 下田町しもだまち
58%
北津軽郡 市浦村しうらむら
57%
三戸郡 南郷村なんごうむら
55%
西津軽郡 森田村もりたむら
53%
南津軽郡 尾上町おのえまち
53%
南津軽郡 常盤村ときわむら
53%
中津軽郡 相馬村そうまむら
49%
下北郡 川内町かわうちまち
49%
西津軽郡 柏村かしわむら
45%
西津軽郡 稲垣村いながきむら
45%
三戸郡 名川町ながわまち
43%
三戸郡 倉石村くらいしむら
43%
三戸郡 福地村ふくちむら
34%
No matching quizzes found
Score Distribution
Percent of People with Each Score
Percentile by Number Answered
Your Score History
You have not taken this quiz since the last reset